Global issues, local arguments: : readings for writing
Zapisane w:
| 1. autor: | |
|---|---|
| Format: | Książka |
| Język: | angielski |
| Wydane: |
Pearson Education
2010.
|
| Etykiety: |
Dodaj etykietę
Nie ma etykietki, Dołącz pierwszą etykiete!
|
MARC
| LEADER | 00000nam a22000007a 4500 | ||
|---|---|---|---|
| 008 | 210420b ||||| |||| 00| 0 eng d | ||
| 020 | |a ISBN: 978-0-205- 73992-9 | ||
| 100 | |a JOHNSON, June | ||
| 245 | |a Global issues, local arguments: |b : readings for writing |f “It includes references and index”. |g xxvi, 550p.; ill. | ||
| 250 | |b 2nd ed.- |c June Johnson.- | ||
| 260 | |b Pearson Education |c 2010. |h Boston |i 681662 |l D861.4 .J62 | ||
| 942 | |a lcc |c BK |e j o ifatola |f 20/04/ 2021 | ||
| 952 | |0 0 |1 0 |2 lcc |4 0 |6 D08614 J62 |7 0 |9 2266 |a HOL |b HOL |c GJ |d 2021-04-20 |l 0 |o D861.4 .J62 |p 2021-6120 |r 2021-04-20 00:00:00 |w 2021-04-20 |y BK | ||
| 999 | |c 1165 |d 1165 | ||